| 000 | 00659nam a2200145Ia 4500 | ||
|---|---|---|---|
| 008 | 171212s9999 xx 000 0 und d | ||
| 020 | _a9781921862366 | ||
| 100 | _aChalmers, Rob | ||
| 245 |
_cChalmers, Rob _aInside the Canberra Press Gallery _bLife in the Wedding Cake of Old Parliament House |
||
| 260 |
_bANU E Press _c2011 |
||
| 440 | _aAustralia and New Zealand School of Government (ANZSOG) | ||
| 650 | _aAustralia. Parliament -- Reporters and reporting.; Government and the press -- Australia.; Journalism -- Political aspects -- Australia.; Press and politics -- Australia. | ||
| 650 | _aHistory | ||
| 856 | _uwww.jstor.org/stable/10.2307/j.ctt24h2ws | ||
| 999 |
_c351169 _d351169 |
||